000
00272nam a2200109Ia 4500
008
220204s9999 xx 000 0 und d
082
_a
658.7(035)
_b
ALJ
245
0
_a
Purchasing handbook
260
_a
New York
_b
McGraw Hill
_c
1966
700
_a
Aljain, George W
942
_c
BK
999
_c
22981
_d
22981